| 000 | 00880cam a2200313 4500 | ||
|---|---|---|---|
| 001 | M83086 | ||
| 008 | 090401t1996 xxu||||| |||| 00| 0 eng d | ||
| 020 | _a0580268128 | ||
| 035 | _a(Sirsi) u77454 | ||
| 041 | _aeng | ||
| 050 | _a333.72 | ||
| 110 |
_aBritish Standards Institution _9130 |
||
| 245 | 4 | _aThe EMS handbook: a guide to the BS EN ISO 14000 series. | |
| 260 |
_aLondon _bBSI _c1996 |
||
| 300 | _a1v.(loose-leaf) ; 30cm. | ||
| 350 | _a50 | ||
| 520 | _aA guide to the ISO 14000 series of standards on environmental management. | ||
| 650 | _aBS 7750 | ||
| 650 | _aBS EN ISO 14000 SERIES | ||
| 650 | _aEMAS | ||
| 650 | _aEMS HANDBOOK | ||
| 650 | _aEMS | ||
| 650 | _aENVIRONMENTAL MANAGEMENT SYSTEMS | ||
| 650 | _aENVIRONMENTAL MANAGEMENT | ||
| 650 | _aSTANDARDS | ||
| 690 | _aENVIRONMENTAL AND LAND CONSULTANCY | ||
| 942 | _n0 | ||
| 948 | _c27/03/1997 | ||
| 999 |
_c96311 _d96311 |
||